|
|
|
|
| LEADER |
00000nas a2200000 i 4500 |
| 001 |
ssj0000778738 |
| 003 |
WaSeSS |
| 005 |
20200512172242.0 |
| 006 |
m d |
| 007 |
cr n |
| 008 |
110601c20099999bl fr p s 0 0por c |
| 010 |
|
|
|a 2012269028
|
| 022 |
|
|
|a 2175-0947
|l 2175-0947
|
| 035 |
|
|
|a (WaSeSS)ssj0000778738
|
| 040 |
|
|
|a AU@
|b eng
|c AU@
|d OCLCQ
|d UTV
|d OCLCQ
|d CUS
|d OCLCQ
|d CUS
|d OCLCF
|d OCLCQ
|d WaSeSS
|
| 041 |
0 |
|
|a por
|a eng
|
| 042 |
|
|
|a pcc
|
| 050 |
1 |
4 |
|a K12
|
| 210 |
0 |
|
|a Lex Hum.
|
| 222 |
|
0 |
|a Lex Humana
|
| 245 |
0 |
0 |
|a Lex humana
|h [electronic resource] :
|b revista de direito.
|
| 260 |
|
|
|a Petrópolis, RJ, Brasil :
|b Universidade Católica de Petrópolis
|
| 310 |
|
|
|a Semiannual
|
| 362 |
1 |
|
|a Began with v. 1, n. 1 (2009).
|
| 506 |
|
|
|a License restrictions may limit access.
|
| 546 |
|
|
|a Portuguese and English.
|
| 588 |
|
|
|a Description based on: V. 1, n. 1 (2009); title from HTML header (publisher's Web site, viewed April 5, 2012).
|
| 588 |
|
|
|a Latest issue consulted: V. 3, n. 2 (2011) (publisher's Web site, viewed April 5, 2012).
|
| 650 |
|
0 |
|a Law
|v Periodicals.
|
| 650 |
|
7 |
|a Law.
|2 fast
|0 (OCoLC)fst00993678
|
| 655 |
|
0 |
|a Electronic journals.
|
| 710 |
2 |
|
|a Universidade Católica de Petrópolis.
|
| 856 |
4 |
0 |
|z Full text available from Research Library: 01/01/2010 to present
|u https://search.proquest.com/publication/1396364
|